Normal view
MARC view
Entry Personal Name
001 - CONTROL NUMBER
- control field: 267994
003 - CONTROL NUMBER IDENTIFIER
- control field:
005 - DATE AND TIME OF LATEST TRANSACTION
- control field: 20210601210639.0
008 - FIXED-LENGTH DATA ELEMENTS
- fixed length control field: 210601|| aca||aabn | a|a d
040 ## - CATALOGING SOURCE
- Original cataloging agency:
- Transcribing agency:
100 ## - HEADING--PERSONAL NAME
- Personal name: Austin family
- General subdivision: Geneology
670 ## - SOURCE DATA FOUND
- Source citation: Work cat.: (): Hubback, J. H. (John Henry), 1844 267991, Jane Austen's sailor brothers :, 1906
